000 00883nam a2200229 a 4500
001 BRCA_5427
005 20190320205055.0
008 131210s1948----nyua######---#000-0#eng-#
041 _aeng
044 _anyu
050 4 _aN2220
_b.P35 1948
245 1 0 _aPaintings from the Berlin Museum
_bexhibited in co-operation with the Department of the Army of the United States of America
_cthe Metropolitan Museum of Art.
260 _aNueva York
_bThe Metropolitan Museum of Art
_c1948
300 _a15 p.
_bil., (algunas acolor) 53 láminas
_c25 cm.
500 _aCatálogo de la exposición realizada en ´The Metropolitan Museum of Art´ del 17-mayo a 12-junio de 1948
500 _aE144
650 1 4 _aPinturas
_xExposiciones
_zBerlín
_913863
650 1 4 _aGalerías y museos
_zAlemania
_95059
650 1 4 _aGalerías y museos
_zEstados Unidos
_97437
902 _aGFM
942 _2lcc
_cB
999 _c5121
_d5121